000 00863nam a22002057a 4500
999 _c8737
_d8737
003 AR-CdUCM
008 190325b ||||| |||| 00| 0 spa d
040 _aMUNICIPALIDAD PROVINCIAL DEL CUSCO
_cBIBLIOTECA MUNICIPAL DEL CUSCO
082 _a783.985 /
_bA66
100 _aAragón Claros, Lino Gabriel
_913421
245 _aTaki wayaqa :
_bcantares de un corazón cholo /
260 _aCusco :
_bINC/Dirección de Actividades Culturales,
_c1989.
300 _a140 páginas ;
_c20 cm.
505 _aContenido: Presentación -- Prologo -- Biografía -- No es mi culpa (huayno) -- Malicacha (huayno) -- Flor de la sierra (huanyno) -- Despierta prenda mía (huayno) -- Negrita roba corazón -- Hay! corazón (huayno) ...
650 _aMúsica popular
_917212
650 _aFolklore
_91081
650 _aPoesía cusqueña
_92323
942 _2ddc
_cLIBROS
945 _adavv